Журнальная обложка 1921 - 1941

Dettagli Bibliografici
Autore principale: Морозов А. Алексей
Riassunto:Аннотация на русском и английском языках
Эта книга является первой попыткой представить богатейший и разнообразнейший мир журнальной обложки «золотого периода» советского графического дизайна - от его начала до его заката, и дать широкому кругу читателей возможность ознакомиться с прежним опытом оформления «лица» журнала, опытом, который может быть с успехом востребован и сегодня.
Lingua:russo
Pubblicazione: Москва, Контакт-Культура, 2007
Soggetti:
Natura: Libro
KOHA link:https://koha.lib.tpu.ru/cgi-bin/koha/opac-detail.pl?biblionumber=154293

MARC

LEADER 00000nam0a2200000 4500
001 154293
005 20240913172311.0
010 |a 978903406036  |b 3000 экз. 
035 |a (RuTPU)RU\TPU\book\167362 
090 |a 154293 
100 |a 20090225d2007 m y0rusy50 ca 
101 0 |a rus 
102 |a RU 
105 |a a z 001zy 
200 1 |a Журнальная обложка 1921 - 1941  |f А. Морозов 
210 |a Москва  |c Контакт-Культура  |d 2007 
215 |a 152 с.  |c ил. 
300 |a Аннотация на русском и английском языках 
320 |a Библиографический указатель журналов, упоминаемых в книге, со ссылками на номера обложек: с. 136-146. 
320 |a Краткие сведения о художниках,упоминаемых в книге, со ссылками на номера обложек: с.147-150. 
330 |a Эта книга является первой попыткой представить богатейший и разнообразнейший мир журнальной обложки «золотого периода» советского графического дизайна - от его начала до его заката, и дать широкому кругу читателей возможность ознакомиться с прежним опытом оформления «лица» журнала, опытом, который может быть с успехом востребован и сегодня. 
606 1 |a Книжная графика  |x Оформление  |x Издательское дело  |2 stltpush  |3 (RuTPU)RU\TPU\subj\14579  |9 40949 
606 1 |a Периодическая печать  |x История  |y Россия  |2 stltpush  |3 (RuTPU)RU\TPU\subj\68278  |9 83706 
610 1 |a журналы 
610 1 |a издательское дело 
610 1 |a обложки 
610 1 |a оформление 
610 1 |a графика 
610 1 |a дизайн 
675 |a 655.53  |v 3 
686 |a Ч612.3  |2 rubbk 
700 1 |a Морозов  |b А.  |g Алексей 
801 1 |a RU  |b 63413507  |c 20090225  |g PSBO 
801 2 |a RU  |b 63413507  |c 20090901  |g PSBO 
942 |c BK